Atlas de anatomía humana.
Saved in:
| Hovedforfatter: | |
|---|---|
| Format: | Ukendt |
| Udgivet: |
Barcelona, España:
Elsevier España, S.L.U,
2019.
|
| Udgivelse: | Séptima edición |
| Fag: | |
| Tags: |
Tilføj Tag
Ingen Tags, Vær først til at tagge denne postø!
|
MARC
| LEADER | 00000 a2200000 4500 | ||
|---|---|---|---|
| 003 | CL-VaPUC | ||
| 005 | 20230717173729.0 | ||
| 008 | 230705t2019 ||||| |||| 00| 0 eng d | ||
| 999 | |c 441305 |d 441303 | ||
| 020 | |a 978-84-9113-468-8 | ||
| 040 | |c Pontificia Universidad Católica de Valparaíso | ||
| 082 | 7 | |a 611 NET 2019 |2 22 | |
| 100 | |a Netter, Frank H. |9 391372 |e autor | ||
| 245 | |a Atlas de anatomía humana. | ||
| 250 | |a Séptima edición | ||
| 260 | |a Barcelona, España: |b Elsevier España, S.L.U, |c 2019. | ||
| 300 | |a 535 láminas. | ||
| 500 | |a Incluye versión digital en inglés. | ||
| 583 | |k GC |c 20230705 | ||
| 650 | 0 | |a Anatomía humana |9 269546 | |
| 650 | 0 | |a Cuerpo humano |9 257169 |x Anatomía | |
| 942 | |2 ddc |c BK | ||
| 952 | |0 0 |1 0 |2 ddc |4 0 |6 611_000000000000000_NET_2019 |7 0 |8 R |9 590670 |a BIBEDU |b BIBEDU |c MCIRC |d 2023-07-05 |e 3 |g 118120.00 |i 5657881 |l 1 |o 611 NET 2019 |p 5657881 |r 2025-03-28 |s 2025-03-27 |t 6 |v 118120.00 |w 2023-07-05 |y BK_R |k EFI | ||
| 952 | |0 0 |1 0 |2 ddc |4 0 |6 611_000000000000000_NET_2019 |7 0 |8 R |9 590671 |a BIBEDU |b BIBEDU |c MCIRC |d 2023-07-05 |e 3 |g 118120.00 |i 5657879 |o 611 NET 2019 |p 5657879 |r 2023-07-05 |t 4 |v 118120.00 |w 2023-07-05 |y BK_R |k EFI | ||
| 952 | |0 0 |1 0 |2 ddc |4 0 |6 611_000000000000000_NET_2019 |7 0 |8 R |9 590672 |a BIBEDU |b BIBEDU |c MCIRC |d 2023-07-05 |e 3 |g 118120.00 |i 5657883 |l 1 |o 611 NET 2019 |p 5657883 |r 2023-09-07 |s 2023-08-31 |t 8 |v 118120.00 |w 2023-07-05 |y BK_R |k EFI | ||
| 952 | |0 0 |1 0 |2 ddc |4 0 |6 611_000000000000000_NET_2019 |7 0 |8 R |9 590673 |a BIBEDU |b BIBEDU |c MCIRC |d 2023-07-05 |e 3 |g 118120.00 |i 5657884 |o 611 NET 2019 |p 5657884 |r 2023-07-05 |t 9 |v 118120.00 |w 2023-07-05 |y BK_R |k EFI | ||
| 952 | |0 0 |1 0 |2 ddc |4 0 |6 611_000000000000000_NET_2019 |7 0 |8 R |9 590674 |a BIBEDU |b BIBEDU |c MCIRC |d 2023-07-05 |e 3 |g 118120.00 |i 5657878 |o 611 NET 2019 |p 5657878 |r 2023-07-05 |t 3 |v 118120.00 |w 2023-07-05 |y BK_R |k EFI | ||
| 952 | |0 0 |1 0 |2 ddc |4 0 |6 611_000000000000000_NET_2019 |7 0 |8 R |9 590675 |a BIBEDU |b BIBEDU |c MCIRC |d 2023-07-05 |e 3 |g 118120.00 |i 5657885 |l 8 |m 1 |o 611 NET 2019 |p 5657885 |r 2025-04-22 |s 2025-04-22 |t 10 |v 118120.00 |w 2023-07-05 |y BK_R |k EFI | ||
| 952 | |0 0 |1 0 |2 ddc |4 0 |6 611_000000000000000_NET_2019 |7 0 |8 R |9 590676 |a BIBEDU |b BIBEDU |c MCIRC |d 2023-07-05 |e 3 |g 118120.00 |i 5657876 |l 3 |o 611 NET 2019 |p 5657876 |r 2025-04-03 |s 2025-03-31 |t 1 |v 118120.00 |w 2023-07-05 |y BK_R |k EFI | ||
| 952 | |0 0 |1 0 |2 ddc |4 0 |6 611_000000000000000_NET_2019 |7 0 |8 R |9 590677 |a BIBEDU |b BIBEDU |c MCIRC |d 2023-07-05 |e 3 |g 118120.00 |i 5657880 |o 611 NET 2019 |p 5657880 |r 2023-07-05 |t 5 |v 118120.00 |w 2023-07-05 |y BK_R |k EFI | ||
| 952 | |0 0 |1 0 |2 ddc |4 0 |6 611_000000000000000_NET_2019 |7 0 |8 R |9 590678 |a BIBEDU |b BIBEDU |c MCIRC |d 2023-07-05 |e 3 |g 118120.00 |i 5657882 |l 2 |m 1 |o 611 NET 2019 |p 5657882 |r 2024-06-26 |s 2024-06-24 |t 7 |v 118120.00 |w 2023-07-05 |y BK_R |k EFI | ||
| 952 | |0 0 |1 0 |2 ddc |4 0 |6 611_000000000000000_NET_2019 |7 0 |8 R |9 590679 |a BIBEDU |b BIBEDU |c MCIRC |d 2023-07-05 |e 3 |g 118120.00 |i 5657877 |l 2 |o 611 NET 2019 |p 5657877 |r 2025-04-07 |s 2025-04-07 |t 2 |v 118120.00 |w 2023-07-05 |y BK_R |k EFI | ||